00510nam a2200193 a 450000100060000000300090000600800410001504000280005608200180008410000170010224500440011926000360016330000100019949000170020965000300022665000220025665000250027865000130030319774CO-ViMGA141112s2004 ck r 000 u spa d aCO-ViMGAbspacCO-ViMGA04a612.661 D419q1 aDiaz, Manuel10aQue le pasa a mi cuerpo? para muchachas aBogotá : bJuan Pablo, c2001 a76 p. aAdolescentes14aADOLESCENTES - PSICOLOGIA14aFISIOLOGIA HUMANA14aMUJERES ADOLESCENTES14aPUBERTAD